Informe de práctica supervisada realizado en el Colegio Universitario de Cartago (Registro nro. 8197)
[ vista simple ]
| 000 -LEADER | |
|---|---|
| fixed length control field | 00539nmm a22001817a 4500 |
| 005 - DATE AND TIME OF LATEST TRANSACTION | |
| control field | 20160525175331.0 |
| 008 - FIXED-LENGTH DATA ELEMENTS--GENERAL INFORMATION | |
| fixed length control field | 150703b xxu||||| |||| 00| 0 spa d |
| 041 ## - LANGUAGE CODE | |
| Language code of text/sound track or separate title | spa |
| 082 ## - DEWEY DECIMAL CLASSIFICATION NUMBER | |
| Classification number | SE 122 |
| 100 ## - MAIN ENTRY--AUTHOR NAME | |
| Personal name | Baltodano González, Cintya |
| 245 ## - TITLE STATEMENT | |
| Title | Informe de práctica supervisada realizado en el Colegio Universitario de Cartago |
| 260 ## - PUBLICATION, DISTRIBUTION, ETC. (IMPRINT) | |
| Year of publication | 2015 |
| 650 ## - SUBJECT ADDED ENTRY--TOPICAL TERM | |
| Topical Term | SECRETARIADO EJECUTIVO |
| 650 ## - SUBJECT ADDED ENTRY--TOPICAL TERM | |
| Topical Term | ARCHIVO DE DOCUMENTOS |
| 650 ## - SUBJECT ADDED ENTRY--TOPICAL TERM | |
| Topical Term | ATENCIÓN AL CLIENTE |
| 650 ## - SUBJECT ADDED ENTRY--TOPICAL TERM | |
| Topical Term | CERTIFICACIONES |
| 942 ## - ADDED ENTRY ELEMENTS (KOHA) | |
| Tipo de ítem | Informe de Práctica |
| Withdrawn status | Estado | Estado físico | Not for loan | Total Checkouts | Clasificación | Número de inscripción | Date last seen | Date checked out | Price effective from | Tipo de ítem |
|---|---|---|---|---|---|---|---|---|---|---|
| 1 | SE 122 | SE122 | 25/02/2019 | 22/02/2019 | 24/05/2016 | Informe de Práctica |